000
00346 a2200145 4500
999
_c
12187
_d
12187
003
OSt
005
20231228142952.0
008
231228b ||||| |||| 00| 0 eng d
020
_a
9791186338964
082
_a
638.1
100
_a
Plugin
245
_a
Shape Construction,Vol.-6
260
_a
Korea
_b
Plugin publishing company
_c
2018
942
_2
ddc